| 000 | 00410 a2200145 4500 | ||
|---|---|---|---|
| 003 | OSt | ||
| 005 | 20240110122342.0 | ||
| 008 | 240110b |||||||| |||| 00| 0 eng d | ||
| 040 | _coclc | ||
| 082 |
_a297 _bRAM/A |
||
| 245 |
_aAaru Aditharakal / _cAbdul Malik Bin Ahmed Ramadhani |
||
| 260 |
_aKerala, _bDa'wa books, _c2007. |
||
| 300 | _a145p | ||
| 942 |
_2ddc _cBK _h297 _iRAM/A _k297 _mRAM/A |
||
| 999 |
_c43083 _d43083 |
||